| 000 | 02405nam a2200505Ii 4500 | ||
|---|---|---|---|
| 001 | DIGMECD0059 | ||
| 003 | NyNyDIG | ||
| 008 | 140827s2009 sp a ob 000 0 spa d | ||
| 006 | m o d | ||
| 007 | cr ||||||||||| | ||
| 035 | _a(OCoLC)893890955 | ||
| 040 |
_aDGITA _beng _erda _epn _cDGITA |
||
| 020 |
_a9788436952889 _q(eBook) |
||
| 020 |
_a843695288X _q(eBook) |
||
| 020 | _z9788436947694 | ||
| 020 | _z843694769X | ||
| 024 | 7 |
_a030-12-026-8 _q(eBook) _2nipo |
|
| 050 | 1 | 4 | _aPN4784.E28 eBook |
| 245 | 0 | 3 |
_aEl editorial, el suelto y la crítica / _c[grupo de trabajo, Rafael López Cubino, Begoña López Sobrino, Natalia Bernabeu Morón]. |
| 264 | 1 |
_a[Madrid] : _bMinisterio de Educación, Secretaría General de Educación y Formación Profesional, Centro de Investigación y Documentación Educativa, _c[2009]. |
|
| 264 | 3 |
_a[Madrid] : _bMinisterio de Educación, Secretaría General Técnica, Subdirección General de Información y Publicaciones |
|
| 300 |
_a1 online resource (72 pages) : _billustrations. |
||
| 336 |
_atext _btxt _2rdacontent |
||
| 337 |
_acomputer _bc _2rdamedia |
||
| 338 |
_aonline resource _bcr _2rdacarrier |
||
| 490 | 1 |
_aPublicaciones Mediascopio. Serie Guías y talleres ; _v5 |
|
| 500 | _a"Proyecto Mediascopio Prensa, la lectura de la prensa escrita en el aula" | ||
| 504 | _aIncludes bibliographical references. | ||
| 588 | 0 | _aOnline resource; title from ePub and PDF title page (Digitalia, viewed Aug. 27, 2014) | |
| 650 | 0 |
_aEditorials _xAuthorship. |
|
| 650 | 0 |
_aNewspapers _xSections, columns, etc. _xAuthorship. |
|
| 650 | 0 |
_aNewspapers _xSections, columns, etc. _vReviews _xAuthorship. |
|
| 655 | 0 | _aElectronic books. | |
| 700 | 1 |
_aLópez Cubino, Rafael, _eauthor. |
|
| 700 | 1 |
_aLópez Sobrino, Begoña, _eauthor. |
|
| 700 | 1 |
_aBernabeu, Natalia, _eauthor. |
|
| 710 | 2 | _aProyecto Mediascopio Prensa. | |
| 791 | 2 |
_aDigitalia (Firm), _edistributor. |
|
| 793 | 0 |
_gDigitalia eBook Collection: _aMinisterio de Educación, Cultura y Deporte de España |
|
| 776 | 0 | 8 |
_iPrint version: _aLópez Cubino, Rafael. _tEditorial, el suelto y la crítica. _d[Madrid] : Centro de Investigación y Documentación Educativa, 2009 _z9788436947694 |
| 830 | 0 |
_aPublicaciones Mediascopio. Serie Guías y talleres ; _v5. |
|
| 856 | 4 | 0 |
_3Digitalia Hispánica _uhttps://www.digitaliapublishing.com/a/19307/ |
| 910 | _aPremium Collection: 2014 | ||
| 942 | _cRAA | ||
| 999 |
_c236410 _d236410 |
||